00230nam a2200097Ia 4500100002000000654001300020245004100033260002900074082001700103546001200120 aMc Neilly Mark  aBusiness aSun T2U and the art of Business bOxford universityc1996 a658.409bMCN aENGLISH